00640nam a2200205 a 450000100060000000300080000600500170001400800410003103500190007204000260009104100080011708200280012510000360015324500690018926000520025830000240031050400490033465000320038370000190041545924BD-RjUL20211209054102.0160728s1958 enk 001 0 eng d a(BD-RjUL)46042 aBD-RjULbengcBD-RjUL aeng 223a346.41034bOSL 19601 aO'Sullivan, Richardd1888-1963.14aThe law of defamation /cby Richard O'Sullivan and Roland Brown  aLondon :bSweet & Maxwell,c1958 [reprint 1960] axvi, 188 p.c22 cm. aIncludes biblographical references and index 0aLibel and slanderzEngland.1 aBrown, Roland.